000 00557nas a2200181 a 4500
001 000037110
003 DLC
005 20200930080140.0
008 120214c19459999dr ur1pdd 0 0spa d
040 _aDO-SdBNP
_bspa
043 _anwdr
245 0 0 _aBoletín oficial del consejo administrativo.
260 _aSanto Domingo :
_bConsejo Administrativo,
_c1945.
300 _av. :
_bil. ;
_c23 cm.
362 _aVolumen XII, Enero-Febrero No. 1, 1945
650 0 _aAdministración pública
_zRepública Dominicana
_93011
651 0 _aRepública Dominicana
_910483
999 _c36600
_d36600